[Event "3rd Panama Open"]
[Site "Panama City PAN"]
[Date "2013.11.04"]
[Round "7.18"]
[White "Baules,J"]
[Black "Lorenzana,W"]
[Result "1/2-1/2"]
[WhiteElo "2311"]
[BlackElo "2185"]

1.d4 Nf6 2.c4 g6 3.g3 Bg7 4.Bg2 O-O 5.Nf3 d6 6.Nc3 Nbd7 7.O-O e5 8.e4 exd4
9.Nxd4 c6 10.Bf4 Ne5 11.b3 Nfd7 12.Qc2 Nc5 13.Rad1 Qe7 14.h3 a5 15.Be3 Re8
16.Rfe1 Na6 17.f4 Nd7 18.Qd2 Nac5 19.Bf2 a4 20.Nxa4 Nxa4 21.bxa4 Nc5 22.a5 Qc7
23.Nb3 Nxb3 24.axb3 Qxa5 25.Qxa5 Rxa5 26.Rxd6 Ra3 27.Red1 Be6 28.Rd8 Ra8
29.Rxe8+ Rxe8 30.e5 Ra8 31.Bb6 f6 32.exf6 Bxf6 33.Bc5 Ra2 34.Bd4 Bxd4+ 35.Rxd4 Rb2
36.Rd3 Bf5 37.Rd8+ Kf7 38.g4 Be6 39.Rd3 h6 40.Bf3 Kf6 41.Re3 b5 42.Bxc6 bxc4
43.bxc4 Bxc4 44.Rc3 Rb1+ 45.Kf2 Rb2+ 46.Ke3 Rb3 47.Rxb3 Bxb3 48.h4 g5 49.fxg5+ hxg5
50.h5 Kg7 51.Kd4  1/2-1/2

[Event "TCh-CZE Vychod 2013-14"]
[Site "Czech Rep CZE"]
[Date "2013.11.10"]
[Round "2.5"]
[White "Mojzis,Jar"]
[Black "Vlach,K"]
[Result "1-0"]
[WhiteElo "2159"]
[BlackElo "2142"]

1.Nf3 Nf6 2.g3 d6 3.d4 g6 4.Bg2 Bg7 5.c4 O-O 6.Nc3 Nbd7 7.e4 e5 8.h3 exd4
9.Nxd4 Re8 10.O-O Nc5 11.Re1 a5 12.Qc2 Nfxe4 13.Nxe4 Bxd4 14.Bg5 Qd7 15.Nf6+ Bxf6
16.Bxf6 Re6 17.Bc3 Qe8 18.Bd5 Rxe1+ 19.Rxe1 Qf8 20.Qd2 Na4 21.Bf6 c6 22.Be7 Qg7
23.Bxd6 Bd7 24.Bxf7+ Qxf7 25.Re7 Re8 26.Rxf7 Kxf7 27.c5 b6  1-0

[Event "TCh-CZE Vychod 2013-14"]
[Site "Czech Rep CZE"]
[Date "2013.11.10"]
[Round "2.7"]
[White "Cagasik,T"]
[Black "Majer,J"]
[Result "1-0"]
[WhiteElo "2235"]
[BlackElo "2201"]

1.Nf3 Nf6 2.c4 g6 3.d4 Bg7 4.g3 O-O 5.Bg2 d6 6.O-O Nbd7 7.Nc3 e5 8.e3 Re8
9.b3 c6 10.Bb2 exd4 11.Nxd4 Nc5 12.Qc2 Qe7 13.Rad1 Bg4 14.Rd2 Rad8 15.h3 Bc8
16.Kh2 h5 17.Re1 Nce4 18.Nxe4 Nxe4 19.Bxe4 Qxe4 20.Qxe4 Rxe4 21.Ne2 Bxb2
22.Rxb2 Kf8 23.Rd1 Ree8 24.Rbd2 Ke7 25.Nf4 Be6 26.e4 Rh8 27.f3 a6 28.Nd3 a5
29.Nb2 b5 30.cxb5 cxb5 31.Nd3 Rc8 32.Nf4 Rhd8 33.Kg2 a4 34.bxa4 bxa4 35.Kf2 Rb8
36.Ke3 Rb5 37.Nxe6 fxe6 38.Rd4 Ra5 39.Rb1 Rd7 40.Rbb4 Rda7 41.Rb6 Rd7 42.Rc4 a3
43.Rcc6 e5 44.Kd3 Ra4 45.Ra6 Rd4+ 46.Kc2 g5 47.g4 hxg4 48.hxg4 Ke6 49.Rxa3 Rh7
50.Kb2 Rh3 51.Rb3 Kd7 52.Rc2 Ke6 53.Rbc3 Rb4+ 54.Ka1 Rh1+ 55.Rc1 Rh2 56.R3c2 Rh3
57.Rf2 Rd4 58.Kb2 Rh8 59.Rc3 Rh3 60.Kc2 Ra4 61.a3 Rh7 62.Rd2 Ra6 63.Kb2 Rf7
64.Rb3 Rfa7 65.Rh2 Rf7 66.Rh6+ Rf6 67.Rh5 d5 68.exd5+ Kxd5 69.Rxg5 Ra5 70.Rh5 Rc5
71.Rh8 Rf4 72.Rd8+ Ke6 73.Rdd3 Kf6 74.Rb4 Kg5 75.Rxf4 Kxf4 76.a4 e4 77.fxe4 Kxg4
78.Kb3 Kf4 79.Rc3 Ra5 80.Rc4 Ke5 81.Kb4 Ra8 82.a5 Kd6 83.Kb5 Rb8+ 84.Ka4 Rb1
85.a6 Ra1+ 86.Kb5 Rb1+ 87.Ka5 Ra1+ 88.Ra4 Rb1 89.a7 Kc5 90.a8=Q  1-0

[Event "Chennai GM Open 2013"]
[Site "Chennai IND"]
[Date "2013.11.15"]
[Round "1.5"]
[White "Borovikov,V"]
[Black "Tiwari,Ar"]
[Result "1/2-1/2"]
[WhiteElo "2558"]
[BlackElo "2274"]

1.d4 Nf6 2.Nf3 g6 3.c4 Bg7 4.g3 O-O 5.Bg2 d6 6.O-O Nc6 7.Nc3 a6 8.Bf4 h6
9.b3 Rb8 10.d5 Na5 11.Qd2 Kh7 12.Rac1 c5 13.dxc6 Nxc6 14.Nd5 Ne4 15.Qc2 f5
16.Nd2 Nc5 17.b4 Ne6 18.Be3 Ned4 19.Qd3 e6 20.Bxd4 Nxd4 21.Nc3 e5 22.e4 b5
23.cxb5 axb5 24.Ne2 Nxe2+ 25.Qxe2 Be6 26.a3 Qd7 27.Qd3 d5 28.exd5 e4 29.Qb1 Qxd5
30.Rfd1 Qa2 31.Qxa2 Bxa2 32.Bf1 Rf7 33.Nb1 Ra7 34.Nc3 Bc4 35.Bxc4 bxc4 36.Nd5 Rxa3
37.Rxc4 Rd8 38.Rcc1 Rd3 39.Ne3 Rb8 40.Rxd3 exd3 41.Rd1 Rxb4 42.Rxd3 Rd4  1/2-1/2

[Event "Piestany Open 2013"]
[Site "Piestany SVK"]
[Date "2013.11.21"]
[Round "5.12"]
[White "Drabek,M"]
[Black "Mesaros,J"]
[Result "1-0"]
[WhiteElo "2010"]
[BlackElo "1822"]

1.d4 g6 2.Nf3 Nf6 3.c4 Bg7 4.g3 O-O 5.Bg2 d6 6.Nc3 c6 7.O-O Qc7 8.e4 Nbd7
9.Rb1 e5 10.h3 a6 11.Be3 b6 12.Qc2 Bb7 13.b3 Rfe8 14.Rbd1 Rac8 15.dxe5 dxe5
16.Rfe1 h6 17.Na4 Bf8 18.Nc3 Kh7 19.Bc1 Rcd8 20.a3 Nc5 21.b4 Rxd1 22.Rxd1 Ne6
23.Be3 Rd8 24.Rxd8 Nxd8 25.Na4 Nd7 26.c5 b5 27.Nc3 Ne6 28.Qd2 Bc8 29.Qd3 a5
30.Qc2 axb4 31.axb4 Qa7 32.Qa2 Qxa2 33.Nxa2 Nexc5 34.bxc5 f6 35.Nb4 Nxc5
36.Nxc6 Bb7 37.Na5 Ba8 38.Nd2  1-0

[Event "UT Dallas IM Inv 2013"]
[Site "Dallas USA"]
[Date "2013.11.24"]
[Round "6.5"]
[White "Labedz,P"]
[Black "Camacho,C"]
[Result "1/2-1/2"]
[WhiteElo "2102"]
[BlackElo "2210"]

1.d4 Nf6 2.Nf3 g6 3.c4 Bg7 4.g3 O-O 5.Bg2 d6 6.O-O Nc6 7.Nc3 a6 8.d5 Na5
9.Nd2 c5 10.Qc2 Rb8 11.Rb1 b5 12.b3 e5 13.cxb5 axb5 14.e4 Ba6 15.Re1 Nd7
16.Bf1 Qc7 17.a4 c4 18.b4 Nb3 19.Nxb3 cxb3 20.Qb2 bxa4 21.Bxa6 Rxb4 22.Bd2 Nc5
23.Bf1 Rb7 24.Rec1 Qd7 25.Be3 Rfb8 26.Ra1 Rb4 27.f3 f5 28.Kh1 fxe4 29.Bxc5 dxc5
30.Nxe4 Qxd5 31.Rxc5 Qd4 32.Qb1 Rd8 33.Qe1 b2 34.Rb1 a3 35.Bh3 Kh8 36.Be6 Ra4
37.Ba2 Ra7 38.Rc4 Qd7 39.Rc3 Bh6 40.Rb3 Rc8 41.Rd1 Qc6 42.Rc3 Qa6 43.Rxc8+ Qxc8
44.Nd6 Qf8 45.Qxe5+ Bg7 46.Qe3 Rd7 47.Nf7+ Rxf7 48.Bxf7 Qxf7 49.Qxa3 h6 50.Kg2 Kh7
51.Qd3 Qb7 52.Qb1 Qc6 53.Re1 Qa6 54.Qc2 Qa2 55.Qb1 Qa1 56.Rd1 Qa6 57.Re1 Qa1
58.Rd1 Qa6 59.Qc2 Qa2 60.Qb1  1/2-1/2

[Event "British Rapidplay 2013"]
[Site "Leeds ENG"]
[Date "2013.11.24"]
[Round "10.4"]
[White "Arkell,K"]
[Black "Bates,Ri"]
[Result "0-1"]
[WhiteElo "2437"]
[BlackElo "2336"]

1.d4 Nf6 2.Nf3 g6 3.c4 Bg7 4.g3 O-O 5.Bg2 d6 6.O-O Nbd7 7.d5 Nb6 8.Nbd2 c6
9.dxc6 bxc6 10.Nd4 Bb7 11.c5 dxc5 12.Nxc6 Qc7 13.Na5 Bxg2 14.Kxg2 c4 15.Qc2 Rac8
16.Rb1 Qe5 17.Qc3 Qxe2 18.Nf3 Ng4 19.Qe1 Qd3 20.Bd2 Rc5 21.Bb4 Rf5 22.Qd1 Qe4
23.Re1 Qa8 24.h3 Ne5 25.Rxe5 Rxe5 26.Bc3 Rd5 27.Qc1 Bxc3  0-1

[Event "British Rapidplay 2013"]
[Site "Leeds ENG"]
[Date "2013.11.24"]
[Round "11.1"]
[White "Batchelor,Peter J"]
[Black "Hebden,M"]
[Result "0-1"]
[WhiteElo "2129"]
[BlackElo "2556"]

1.d4 Nf6 2.c4 g6 3.Nf3 Bg7 4.g3 O-O 5.Bg2 d6 6.Nc3 Nc6 7.O-O Rb8 8.h3 a6
9.Be3 b5 10.Nd2 Bb7 11.cxb5 axb5 12.Nxb5 Na5 13.a4 Bxg2 14.Kxg2 c6 15.Na3 Rxb2
16.Ndc4 Nxc4 17.Nxc4 Rb4 18.Qc2 Nd5 19.Rab1 Qa8 20.Kg1 Qxa4 21.Qxa4 Rxa4
22.Nb6 Nxe3 23.fxe3 Ra3 24.Kf2 Bh6 25.Nc4 Rc3 26.Rfc1 Rxc1 27.Rxc1 Ra8 28.Nb2 Rc8
29.Nd3 Kf8 30.Rb1 Ke8 31.g4 Bg7 32.Rc1 Kd7 33.h4 e5 34.d5 cxd5 35.Rxc8 Kxc8
36.Nb4 d4 37.exd4 exd4 38.Kf3 Kd7 39.Ke4 Ke6 40.g5 Be5 41.Nd3 Bg3 42.Kf3 Be5
43.Ke4 f6 44.gxf6 Kxf6 45.Ne1 Ke6 46.Kf3 Kf5 47.Ng2 h5 48.Ne1 Bf6 49.Ng2 Bd8
50.Kg3 Ke4 51.Kh3 Ba5 52.Kg3 Bd2 53.Kf2 d5 54.Kg3 d3 55.exd3+ Kxd3 56.Kf3 d4
57.Kf2 Ke4 58.Ke2 Bf4 59.Ne1 Bg3 60.Ng2 d3+ 61.Kd2 Kf3 62.Ne3 Bf4  0-1

[Event "2nd Hyderabad GM Open 2013"]
[Site "Hyderabad IND"]
[Date "2013.11.27"]
[Round "3.1"]
[White "Vidit,S"]
[Black "Drazic,S"]
[Result "1-0"]
[WhiteElo "2582"]
[BlackElo "2469"]

1.d4 Nf6 2.Nf3 g6 3.c4 Bg7 4.g3 O-O 5.Bg2 d6 6.Nc3 c6 7.O-O Be6 8.b3 d5 9.cxd5 Bxd5
10.Bb2 Ne4 11.Qc2 Nxc3 12.Bxc3 f5 13.Rad1 Nd7 14.Ng5 Nf6 15.f3 h6 16.Nh3 Qd7
17.Nf4 Bf7 18.e4 g5 19.Nd3 fxe4 20.Nc5 Qc7 21.fxe4 Nd7 22.Bh3 Nxc5 23.dxc5 Bxc3
24.Qxc3 Rad8 25.Rxd8 Qxd8 26.Bg4 Qb8 27.Bf5 Qc7 28.h4 e5 29.hxg5 hxg5 30.Bg4 Bg6
31.Be6+ Kg7 32.Rd1 Be8 33.Rd6 Qe7 34.Qxe5+ Qf6 35.Qxf6+ Kxf6 36.Bc8+ Ke7
37.Bxb7 Rf3 38.Bxc6 Rxg3+ 39.Kf2 Rc3 40.Bxe8 Rxc5 41.Rd7+ Kxe8 42.Rxa7 Rc3
43.e5 g4 44.e6 Rf3+ 45.Kg2 Re3 46.e7 Kf7 47.b4 Re4 48.b5 Rb4 49.a4 Ke8 50.Kg3 Kf7
51.Rc7 Rxa4 52.b6  1-0

[Event "ch-IRI 2013"]
[Site "Tabriz IRI"]
[Date "2013.11.27"]
[Round "1.13"]
[White "Mahdavirad,M"]
[Black "Moghaddamian,A"]
[Result "1-0"]
[WhiteElo "2294"]
[BlackElo "2152"]

1.c4 Nf6 2.Nf3 d6 3.d4 g6 4.g3 Bg7 5.Bg2 O-O 6.Nc3 a6 7.O-O Nbd7 8.e4 e5
9.Re1 Rb8 10.a4 h6 11.h3 Nh7 12.a5 exd4 13.Nxd4 Nc5 14.Be3 Ne6 15.f4 Re8
16.Nxe6 Bxe6 17.c5 dxc5 18.Bxc5 Qxd1 19.Rexd1 Bf8 20.Bxf8 Nxf8 21.e5 b6 22.Ne4 Rec8
23.b4 bxa5 24.bxa5 c5 25.Rdc1 c4 26.g4 Rc7 27.Bf1 Nd7 28.Nd6 c3 29.Bxa6 Nc5
30.Bc4 Bxc4 31.Rxc3 Nb3 32.Rb1 Rb4 33.Nxc4 Rcxc4 34.Rxc4 Rxc4 35.Rxb3 Ra4
36.Rb8+ Kg7 37.Ra8 Rxf4 38.a6 Re4 39.Rb8 Ra4 40.Rb6 Ra3 41.Kg2 h5 42.g5 Ra5
43.h4 Kf8 44.e6 fxe6 45.Rxe6 Kf7 46.Rf6+ Kg7 47.Rb6 Kf7 48.Kf3 Ra4 49.Rb7+ Ke6
50.a7 Ke5 51.Rb5+ Ke6 52.Rb6+ Kf7 53.Rb7+ Ke6 54.Ke3 Kf5 55.Rf7+ Ke6 56.Rf6+ Ke5
57.Rxg6 Rxa7 58.Rh6 Ra3+ 59.Kd2 Rg3 60.Rxh5 Ke4 61.Rh6 Kf5 62.Ke2  1-0

[Event "XXVII Belgrade Trophy"]
[Site "Obrenovac SRB"]
[Date "2013.11.28"]
[Round "5.28"]
[White "Ninov,D"]
[Black "Sorgic,D"]
[Result "0-1"]
[WhiteElo "2219"]
[BlackElo "2274"]

1.Nf3 Nf6 2.c4 g6 3.g3 Bg7 4.Bg2 d6 5.d4 O-O 6.O-O c6 7.Nc3 Be6 8.d5 cxd5
9.cxd5 Bd7 10.Be3 a5 11.Qb3 b5 12.a4 b4 13.Nb5 Na6 14.Nfd4 Nc5 15.Qd1 Ng4
16.Bc1 Bxb5 17.Nxb5 Qd7 18.Bh3 f5 19.Rb1 b3 20.e4 Nxa4 21.Nd4 Nc5 22.exf5 gxf5
23.Nxf5 Qxf5 24.Bxg4  0-1

[Event "TCh-CZE Extraliga 2013-14"]
[Site "Ostrava CZE"]
[Date "2013.11.30"]
[Round "3.8"]
[White "Cech,P"]
[Black "Firt,S"]
[Result "1/2-1/2"]
[WhiteElo "2387"]
[BlackElo "2258"]

1.d4 Nf6 2.c4 g6 3.Nf3 Bg7 4.g3 O-O 5.Bg2 d6 6.O-O Nbd7 7.Nc3 e5 8.e4 exd4
9.Nxd4 Re8 10.h3 Nc5 11.Re1 a5 12.Ndb5 Nfd7 13.Be3 Ne5 14.Bxc5 dxc5 15.Qxd8 Rxd8
16.Nxc7 Rb8 17.Red1 Be6 18.Nxe6 fxe6 19.Bf1 Rd4 20.Rxd4 cxd4 21.Nb5 d3 22.Rd1 Nxc4
23.Rxd3 Nxb2 24.Rd7 Na4 25.Bc4 Nc5 26.Rc7 b6 27.f4 Nxe4 28.Bxe6+ Kh8 29.Kg2 Bf8
30.Nd4 Nc5 31.Bc8 b5 32.Nc6 Bd6 33.Nxb8 Bxc7 34.Na6  1/2-1/2

[Event "TCh-CZE Extraliga 2013-14"]
[Site "Ostrava CZE"]
[Date "2013.11.30"]
[Round "3.4"]
[White "Konopka,M"]
[Black "Rasik,V"]
[Result "0-1"]
[WhiteElo "2412"]
[BlackElo "2450"]

1.d4 Nf6 2.Nf3 g6 3.g3 Bg7 4.Bg2 O-O 5.c4 d6 6.O-O Nc6 7.Nc3 a6 8.Bf4 Rb8
9.Rc1 Re8 10.Qd2 Bg4 11.Rfd1 Bxf3 12.Bxf3 Nd7 13.Be3 e5 14.d5 Ne7 15.Bg2 Nf5
16.b4 Nxe3 17.Qxe3 f5 18.Nb1 e4 19.c5 Ne5 20.Qb3 h5 21.Na3 h4 22.Nc4 hxg3
23.hxg3 Ng4 24.Bh3 e3 25.Bxg4 exf2+ 26.Kxf2 fxg4 27.Qd3 Qe7 28.Rc2 Qf6+ 29.Kg2 Rf8
30.e4 Rbe8 31.Rf1 Qxf1+ 32.Qxf1 Rxf1 33.Kxf1 dxc5 34.bxc5 Rxe4 35.d6 cxd6
36.Nxd6 Rb4 37.Rc4 Rxc4 38.Nxc4 Kf7 39.Nd6+ Ke6 40.Nxb7 Kd5 41.Nd8 Be5 42.Kf2 Kxc5
43.Ne6+ Kb4 44.Nf4 Ka3 45.Nxg6 Bd6 46.Nh4 Kxa2 47.Nf5 Bc5+ 48.Ke2 a5 49.Nh6 a4
50.Nxg4 a3 51.Ne5 Kb1  0-1

[Event "Snowdrops vs Old Hands Match 2013"]
[Site "Podebrady CZE"]
[Date "2013.11.30"]
[Round "1.2"]
[White "Kashlinskaya,A"]
[Black "Uhlmann,W"]
[Result "1-0"]
[WhiteElo "2422"]
[BlackElo "2334"]

1.d4 Nf6 2.c4 g6 3.Nf3 Bg7 4.g3 O-O 5.Bg2 d6 6.Nc3 Nbd7 7.O-O c6 8.e4 e5
9.h3 Re8 10.Be3 exd4 11.Nxd4 Nc5 12.Qc2 a5 13.Rad1 Qe7 14.Rfe1 a4 15.f4 Nfd7
16.Bf2 Qf6 17.Nf3 Qe7 18.g4 Qf8 19.Re2 a3 20.b4 Na6 21.Rb1 d5 22.c5 Nc7 23.Rbe1 Bxc3
24.Qxc3 dxe4 25.Rxe4 Rxe4 26.Rxe4 Nd5 27.Qd2 f5 28.Rd4 N7f6 29.Ng5 Qd8 30.Qe1 h6
31.Nf3 fxg4 32.Ne5 gxh3 33.Bxd5+ cxd5 34.Nxg6 Kh7 35.Ne7 Qf8 36.Rxd5 Qg7+
37.Bg3  1-0

[Event "TCh-AUT 2nd West 2013-14"]
[Site "Austria AUT"]
[Date "2013.12.01"]
[Round "5.3"]
[White "Menacher,M"]
[Black "Meier,Al"]
[Result "1/2-1/2"]
[WhiteElo "2275"]
[BlackElo "2163"]

1.d4 d6 2.Nf3 g6 3.g3 Bg7 4.Bg2 Nf6 5.c4 O-O 6.Nc3 c6 7.O-O Qc7 8.e4 Bg4
9.Be3 Nbd7 10.Qd2 Bxf3 11.Bxf3 Rfd8 12.Kg2 e5 13.d5 c5 14.h4 h5 15.Qe2 a6
16.a4 b6 17.Bg5 Nf8 18.Qd3 N8h7 19.Bd2 Rf8 20.Ra3 Qe7 21.Nd1 Ng4 22.Be2 f5
23.f3 Nh6 24.Nf2 f4 25.Rh1 g5 26.hxg5 Qxg5 27.Rh3 Qg6 28.Nh1 a5 29.Ra1 Ra7
30.Rg1 Ng5 31.Rh4 Ng4 32.gxf4 exf4 33.Kf1 Bd4 34.Rg2 Rg7 35.Ke1 Ne3 36.Bxe3 Bxe3
37.Kd1 Qf7 38.Kc2 Nh7 39.Rxg7+ Qxg7 40.Rxh5 Nf6 41.Rh4 Qg5  1/2-1/2

[Event "XXVII Belgrade Trophy"]
[Site "Obrenovac SRB"]
[Date "2013.12.01"]
[Round "8.32"]
[White "Ugrcic,Z"]
[Black "Djokic,Neb"]
[Result "0-1"]
[WhiteElo "2054"]
[BlackElo "2200"]

1.Nf3 Nf6 2.d4 g6 3.g3 Bg7 4.Bg2 O-O 5.c4 d6 6.O-O Nc6 7.Nc3 a6 8.Bg5 Rb8
9.Qd2 b5 10.cxb5 axb5 11.Rfc1 Bd7 12.d5 b4 13.Bxf6 exf6 14.Ne4 Na5 15.h4 Re8
16.Nd4 h6 17.f4 f5 18.Nf2 Nb7 19.Nc6 Bxc6 20.dxc6 Nc5 21.Rc4 b3 22.a3 Qf6
23.Rb1 Qe6 24.Rcc1 Qxe2 25.Qa5 Bd4  0-1

[Event "ch-IRI 2013"]
[Site "Tabriz IRI"]
[Date "2013.12.01"]
[Round "6.17"]
[White "Shamsi,Mohammadho"]
[Black "Moghaddamian,A"]
[Result "1/2-1/2"]
[WhiteElo "2248"]
[BlackElo "2152"]

1.Nf3 Nf6 2.g3 d6 3.d4 g6 4.Bg2 Bg7 5.c4 O-O 6.Nc3 Na6 7.O-O c5 8.b3 Rb8
9.Bb2 Nc7 10.a4 b6 11.e4 Bb7 12.Re1 a6 13.h3 Ba8 14.d5 Nd7 15.Qc2 b5 16.axb5 axb5
17.cxb5 Bxc3 18.Qxc3 f6 19.h4 Nxb5 20.Qe3 Qb6 21.h5 Ne5 22.hxg6 Nxg6 23.Bh3 Nc7
24.Qh6 Rf7 25.Re3 Rg7 26.Kg2 Ne5 27.Rh1 Rf8 28.Bxe5 fxe5 29.Be6+ Nxe6 30.Qxe6+ Kh8
31.Ng5 Qd8 32.Qh6 Rf6 33.Qh5 Qf8 34.Rf3 Rxf3 35.Qxf3 Qxf3+ 36.Nxf3 e6 37.Rd1 exd5
38.exd5 Rb7 39.Nd2 Kg7 40.Nc4 Rxb3 41.Nxd6 Rb4 42.f3 Kg6 43.Ne4 Rd4 44.Rxd4 cxd4
45.d6 Bc6 46.Kf2 Bb5 47.Ke1 Kf7 48.Nc5 Bc6 49.Kf2 Kf6 50.g4 h6 51.Kg3 Kf7
52.f4 exf4+ 53.Kxf4 Kf6 54.Kg3 Bb5 55.d7  1/2-1/2

[Event "9th Ugra Governor's Cup B"]
[Site "Khanty-Mansiysk RUS"]
[Date "2013.12.02"]
[Round "5"]
[White "Gordeev,S"]
[Black "Lodoev,A"]
[Result "1-0"]
[WhiteElo "2087"]
[BlackElo "2160"]

1.c4 Nf6 2.g3 g6 3.Bg2 Bg7 4.d4 d6 5.Nf3 O-O 6.O-O Nc6 7.d5 Na5 8.Nbd2 c5
9.e4 b5 10.cxb5 a6 11.bxa6 Bxa6 12.Re1 Qb6 13.Qc2 Nd7 14.Rb1 c4 15.b4 cxb3
16.Nxb3 Rfc8 17.Qd1 Nc4 18.Bf1 Bc3 19.Nbd2 Qa5 20.Bxc4 Bxc4 21.Nxc4 Rxc4
22.Re2 Nc5 23.e5 dxe5 24.Nxe5 Bxe5 25.Rxe5 Qxa2 26.Be3 Re4 27.Rxe4 Nxe4 28.Rb3 Rd8
29.Rd3 f6 30.Kg2 Rd6 31.Qc1 Rxd5 32.Ra3 Qe2 33.Ra8+ Kf7 34.Qc8  1-0

[Event "IV JAHV McGregor 2013"]
[Site "Bogota COL"]
[Date "2013.12.04"]
[Round "1.46"]
[White "Ferrara,A"]
[Black "Suaza,Jose Neyitd"]
[Result "0-1"]
[WhiteElo "2161"]
[BlackElo "1753"]

1.d4 Nf6 2.Nf3 g6 3.c4 Bg7 4.g3 d6 5.Bg2 O-O 6.O-O Nbd7 7.Nc3 c6 8.e4 e5
9.h3 Re8 10.Be3 Qe7 11.Re1 Nf8 12.Qc2 Nh5 13.Rad1 f5 14.exf5 Bxf5 15.Qd2 Nf6
16.g4 Bc8 17.dxe5 dxe5 18.Bg5 Qc5 19.Qd6 N6d7 20.Be7 Rxe7 21.Qxc5 Nxc5 22.Rd8  0-1

[Event "9th Ugra Governor's Cup B"]
[Site "Khanty-Mansiysk RUS"]
[Date "2013.12.06"]
[Round "9"]
[White "Orekhov,N"]
[Black "Lodoev,A"]
[Result "1-0"]
[WhiteElo "2139"]
[BlackElo "2160"]

1.d4 Nf6 2.c4 g6 3.Nf3 Bg7 4.g3 O-O 5.Bg2 d6 6.O-O Nc6 7.d5 Na5 8.Qa4 c5
9.Bd2 b6 10.Bc3 Bd7 11.Qc2 b5 12.Nbd2 Nxc4 13.Nxc4 Bf5 14.Qd1 bxc4 15.Nd2 Qd7
16.Nxc4 Bh3 17.Re1 Bxg2 18.Kxg2 Qf5 19.Bxf6 Bxf6 20.e4 Qd7 21.Rb1 Rfb8 22.b3 a5
23.Qd3 a4 24.bxa4 Qxa4 25.a3 Bd4 26.Qe2 Qa6 27.Qa2 Kg7 28.Qc2 e6 29.Qd3 exd5
30.exd5 Rb7 31.Rxb7 Qxb7 32.Qf3 Rd8 33.Na5 Qb2 34.Re7 Bf6 35.Rb7 Qc2 36.Nc6 Ra8
37.Rd7 Qc3 38.Qe4 Qxa3 39.Qe6 Rf8 40.Qxd6 Re8 41.Qc7 Rf8 42.Qf4 Qd3 43.Rd6 Qf5
44.Qxf5 gxf5 45.Rd7 c4 46.Rc7 c3 47.Nb4 Rb8 48.Nc2 Rb2 49.Ne3 Kg6 50.Rc6 Rd2
51.Kf3 h5 52.h4 Rd3 53.Ke2 Rd2+ 54.Ke1 f4 55.gxf4 Kg7 56.Nf5+ Kg6 57.Ng3 Rxd5
58.f5+  1-0

[Event "TCh-SVK Ext 2013-14"]
[Site "Slovakia SVK"]
[Date "2013.12.07"]
[Round "3.5"]
[White "Repka,C"]
[Black "Krak,T"]
[Result "0-1"]
[WhiteElo "2391"]
[BlackElo "2301"]

1.d4 Nf6 2.Nf3 g6 3.c4 Bg7 4.g3 O-O 5.Bg2 d6 6.O-O c5 7.Nc3 Nc6 8.dxc5 dxc5
9.Be3 Qa5 10.Qa4 Qxa4 11.Nxa4 b6 12.Rad1 Bf5 13.Nc3 Rac8 14.h3 Ne4 15.Nd5 Bxb2
16.Nh4 Nd6 17.Nxe7+ Nxe7 18.Rxd6 Be6 19.Bg5 Rfe8 20.Rd2 Bg7 21.Bb7 Rb8 22.Ba6 h6
23.Be3 Bxh3 24.Rfd1 g5 25.Nf3 Nf5 26.Bxg5 hxg5 27.Bb5 Nd4 28.Bxe8 Rxe8 29.Nxg5 Bg4
30.f3 Bh6 31.Ne4 Rxe4 32.fxe4 Bxd2 33.Rxd2 Bxe2 34.Kf2 Bxc4 35.Ke3 Kg7 36.Rf2 b5
37.a3 a5 38.Rh2 a4 39.g4 Nb3  0-1

[Event "TCh-CZE Zapad 2013-14"]
[Site "Prague CZE"]
[Date "2013.12.08"]
[Round "4.4"]
[White "Vedral,O"]
[Black "Zvara,P"]
[Result "0-1"]
[WhiteElo "2321"]
[BlackElo "2403"]

1.d4 Nf6 2.c4 g6 3.Nf3 Bg7 4.g3 O-O 5.Bg2 d6 6.O-O Nbd7 7.Nc3 e5 8.b3 Re8
9.Bb2 e4 10.Ng5 e3 11.f4 h6 12.Nge4 Nxe4 13.Nxe4 Nf6 14.Nxf6+ Qxf6 15.Rb1 Qe7
16.Bc3 Bf5 17.Rc1 Rab8 18.d5 Bxc3 19.Rxc3 Qf6 20.Qc1 Re7 21.b4 Rbe8 22.Ra3 a6
23.Qc3 Kg7 24.Bf3 Qxc3 25.Rxc3 g5 26.c5 gxf4 27.gxf4 Kf6 28.a4 Rg8+ 29.Kh1 Re4
30.a5 Rge8 31.c6 Rxb4 32.cxb7 Rxb7 33.Rc6 Be4 34.Rxa6 Bxf3+ 35.exf3 Rb2 36.Rc6 Rd2
37.Re1 Rxd5 38.a6 Ra5 39.Rxc7 Rxa6 40.Rc3 e2 41.Rc2 Ra3 42.Rd2 Rxf3 43.Rxd6+ Kf5
44.Kg2 Rxf4 45.Rd5+ Kg4 46.Rd2 Rfe4 47.Kf2 Kh4 48.Rd3 Rf4+ 49.Kg2 Re6 50.Rg3 Rg4  0-1

[Event "Lidums AUS YM 2013"]
[Site "Adelaide AUS"]
[Date "2013.12.10"]
[Round "7.1"]
[White "Ly,Mo"]
[Black "McClymont,Brodie"]
[Result "0-1"]
[WhiteElo "2433"]
[BlackElo "2262"]

1.d4 Nf6 2.Nf3 g6 3.c4 Bg7 4.g3 O-O 5.Bg2 d6 6.O-O a6 7.Nc3 Nc6 8.b3 Rb8
9.Bb2 b5 10.cxb5 axb5 11.d5 Na7 12.Rc1 Bb7 13.Ne1 e6 14.e4 b4 15.Na4 c5 16.dxe6 fxe6
17.e5 Nd5 18.Qe2 Rc8 19.Nf3 Bc6 20.exd6 Qxd6 21.Bxg7 Kxg7 22.Nxc5 Nc3 23.Rxc3 bxc3
24.Nxe6+ Kg8 25.Nxf8 Bb5 26.Qd1 Qxd1 27.Rxd1 c2 28.Rc1 Rd8 29.Nd4 Rxd4 30.Bf3 Rd2
31.Ne6 Nc6 32.Kg2 Nb4 33.Be4 Bd3  0-1

[Event "ch-HUN w 2013"]
[Site "Heviz HUN"]
[Date "2013.12.11"]
[Round "9.2"]
[White "Erdos,B"]
[Black "Gara,A"]
[Result "1/2-1/2"]
[WhiteElo "2200"]
[BlackElo "2308"]

1.d4 Nf6 2.c4 d6 3.Nf3 g6 4.g3 Bg7 5.Bg2 O-O 6.O-O Nc6 7.d5 Na5 8.Nfd2 c5
9.Nc3 a6 10.Qc2 Rb8 11.a3 Qc7 12.Nd1 b5 13.Ne3 Ng4 14.Nxg4 Bxg4 15.f3 Bd4+
16.Kh1 Bd7 17.Rb1 bxc4 18.Nxc4 Nxc4 19.Qxc4 Qa5 20.b3 Bb5 21.Qc2 Qc3 22.Qxc3 Bxc3
23.Bh6 Rfe8 24.Rfc1 Bd4 25.Bf1 e6 26.a4 Bd7 27.e3 Bf6 28.dxe6 Bxe6 29.Bxa6 Rxb3
30.Bb5 Rb8 31.Rxb3 Bxb3 32.Bf4 Rb6 33.e4 g5 34.Bd2 Rb7 35.Bc3 Kg7 36.Kg2 Ra7
37.Bxf6+ Kxf6 38.Rc3 Be6 39.Kf2 h5 40.f4 gxf4 41.gxf4 h4 42.Rd3 Ke7 43.f5 Bd7
44.Bxd7 Rxd7 45.Kf3 Ra7 46.Ra3 Ra5 47.h3 Kf6 48.Kf4 c4 49.Ra1 c3 50.Rc1 Rxa4
51.Rxc3 d5 52.Re3 dxe4 53.Rxe4 Ra1 54.Kg4 Rg1+ 55.Kxh4 Kxf5 56.Ra4 Re1 57.Ra5+ Kf4
58.Ra4+ Kf5 59.Ra5+ Kg6 60.Rg5+ Kf6 61.Ra5 Re4+ 62.Kg3 Kg6 63.h4 Re3+ 64.Kf4 Rh3
65.Kg4 Rh1 66.Ra6+ f6 67.h5+ Rxh5 68.Rxf6+ Kxf6 69.Kxh5  1/2-1/2

[Event "Pavlodar Open 2013"]
[Site "Pavlodar KAZ"]
[Date "2013.12.11"]
[Round "2.3"]
[White "Burmakin,V"]
[Black "Ospanov,N"]
[Result "1/2-1/2"]
[WhiteElo "2585"]
[BlackElo "2269"]

1.Nf3 Nf6 2.c4 g6 3.g3 Bg7 4.Bg2 d6 5.d4 O-O 6.O-O Nbd7 7.Nc3 e5 8.e4 exd4
9.Nxd4 Re8 10.Re1 Nc5 11.Nb3 Ncd7 12.Nd4 Nc5 13.h3 a5 14.Bg5 h6 15.Bf4 Nfd7
16.Be3 c6 17.f4 a4 18.Nde2 Nb6 19.Bxc5 dxc5 20.b3 axb3 21.axb3 Rxa1 22.Qxa1 Qd3
23.Qc1 Bxc3 24.Qxc3 Rd8 25.Kf2 h5 26.Rc1 Be6 27.Qxd3 Rxd3 28.Rc3 Rd2 29.Rf3 f5
30.Re3 Kf7 31.Ke1 Rb2 32.e5 Na8 33.Kd1 Nc7 34.Kc1 Ra2 35.Kb1 Rd2 36.Kc1 Ra2  1/2-1/2

[Event "20th Zadar Open B 2013"]
[Site "Zadar CRO"]
[Date "2013.12.18"]
[Round "6.7"]
[White "Franciskovic,B"]
[Black "Krnic,I"]
[Result "1-0"]
[WhiteElo "2270"]
[BlackElo "2173"]

1.Nf3 g6 2.c4 Bg7 3.d4 Nf6 4.g3 O-O 5.Bg2 d6 6.O-O Nc6 7.Nc3 Bf5 8.d5 Na5
9.Nd4 Bd7 10.b3 c5 11.dxc6 Nxc6 12.Nc2 Qa5 13.Bb2 Ng4 14.Qd2 Rac8 15.h3 Nf6
16.Rfd1 Qh5 17.g4 Qh4 18.Ne1 Bxg4 19.hxg4 Nxg4 20.e3 Nce5 21.Nd5 e6 22.Nf4 Rfd8
23.Qe2 Bh6 24.Nfd3 Qh2+ 25.Kf1 Qh5 26.Nf3 Nxf3 27.Bxf3 Nh2+ 28.Kg2 Nxf3 29.Qxf3 Qg5+
30.Kf1 e5 31.Nb4 b5 32.cxb5 Qh4 33.Nc6 Rd7 34.Ke2  1-0

[Event "51st Groningen Open A 2013"]
[Site "Groningen NED"]
[Date "2013.12.23"]
[Round "3.18"]
[White "Christiansen,Johan-Sebastian"]
[Black "Greenfeld,A"]
[Result "0-1"]
[WhiteElo "2217"]
[BlackElo "2531"]

1.d4 Nf6 2.c4 g6 3.g3 Bg7 4.Bg2 O-O 5.Nf3 d6 6.Nc3 Nbd7 7.O-O e5 8.b3 Re8
9.Bb2 c6 10.d5 e4 11.dxc6 bxc6 12.Nd4 Bb7 13.Rc1 Qa5 14.a3 Rad8 15.b4 Qg5
16.e3 c5 17.Nde2 Ne5 18.Nf4 Nxc4 19.Ba1 Ne5 20.Qa4 Nf3+ 21.Bxf3 exf3 22.Qxa7 Ba8
23.bxc5 Qf5 24.h4 Bh6 25.Kh2 Ng4+ 26.Kg1 Nxe3 27.fxe3 Bxf4 28.exf4 Qh3 29.Rf2 Qxg3+
30.Kh1 Qxh4+ 31.Kg1 Qxf4 32.Bb2 Qg3+ 33.Kf1 Qh3+ 34.Kg1 Re5 35.Rfc2 f2+ 36.Kxf2 Qg2+  0-1

[Event "Chinese Teams 2013"]
[Site "Tianjin CHN"]
[Date "2013.12.23"]
[Round "21.4"]
[White "Dzagnidze,N"]
[Black "Wang Jue"]
[Result "1-0"]
[WhiteElo "2557"]
[BlackElo "2379"]

1.Nf3 Nf6 2.c4 g6 3.g3 Bg7 4.Bg2 d6 5.d4 O-O 6.Nc3 Nc6 7.O-O Rb8 8.Bf4 a6
9.Rc1 h6 10.h3 g5 11.Be3 g4 12.hxg4 Nxg4 13.Qd2 Nxe3 14.Qxe3 e5 15.dxe5 dxe5
16.Rfd1 Bd7 17.Qc5 Qe8 18.Nh4 b6 19.Qa3 b5 20.cxb5 axb5 21.Qc5 Nd4 22.e3 b4
23.exd4 bxc3 24.bxc3 exd4 25.cxd4 Bg4 26.Re1 Qd7 27.d5 Rb2 28.Rc4 Bf6 29.Nf3 Bxf3
30.Bxf3 Re8 31.Rg4+ Kh8 32.Rxe8+ Qxe8 33.Re4 Qd8 34.a4 Rb1+ 35.Kg2 Qd6 36.Qe3 Bg5
37.Qd3 Rb2 38.Re8+ Kg7 39.Qd4+ Qf6 40.Qc5 Qd6 41.Qc3+ Bf6 42.Qe3 Qb6 43.Qxb6 Rxb6
44.Be2 Rb2 45.a5 Bd4 46.a6 Ra2 47.f4 Kf6 48.Kh3 Ra3 49.Bb5 Bf2 50.Kg2 Bc5
51.Rc8 Ra5 52.Bc4 Bd6 53.Kf3 Ra3+ 54.Kg4 Kg7 55.Kf5 Ra4 56.Be2 Ra5 57.Bc4 Ra4
58.Bb5 Ra5 59.Ke4 Kf6 60.Kd4 Ra3 61.Kc4 Ra5 62.Ra8 Kg7 63.Bc6 Kf6 64.Bb7 Kg7
65.Rd8 Bc5 66.Re8 Bd6 67.Rd8 Bc5 68.Rd7 Bb6 69.Kb4 Ra1 70.d6 cxd6 71.Rxd6 Bf2
72.Rd3 h5 73.Kb5 Rb1+ 74.Kc6 Rc1+ 75.Kd7 Ra1 76.Kc7 Ra4 77.Rf3 Ba7 78.Bc8 Kf6
79.Kb7 Bd4 80.Rb3 h4 81.gxh4 Kg6 82.Bd7 Ra1 83.Rb5 Kh6 84.Be8 f6 85.Bf7 Re1
86.Bb3 Re4 87.Rb4 Kh5 88.Kc6 f5 89.Bd5  1-0